| 000 | 00636cam a22002171 4500 | ||
|---|---|---|---|
| 001 | sa 68006641 | ||
| 003 | DLC | ||
| 005 | 20260227112517.0 | ||
| 008 | 810428s1967 ii 000 1 tam | ||
| 010 | _asa 68006641 | ||
| 035 | _a(OCoLC)21528226 | ||
| 040 |
_aDLC _cNN _dOCoLC _dDLC |
||
| 042 | _apremarc | ||
| 050 | 0 | 0 |
_aPL4758.9.J25 _bK33 |
| 100 | 0 |
_aJekacir̲piyan̲, _d1925-1978. |
|
| 245 | 1 | 0 |
_aKāval teyvam. _c[El̲utiyavar] Jekacir̲piyan̲. [1. patippu] |
| 260 |
_aCen̲n̲ai, _bVān̲ati Patippakam _c[1967] |
||
| 300 |
_a320 p. _c19 cm. |
||
| 500 | _aIn Tamil. | ||
| 500 | _aA novel previously published serially in Jōti. | ||
| 999 |
_c81413 _d81413 |
||